000
00324nam a2200133Ia 4500
008
200103s9999||||xx |||||||||||||| ||und||
040
_a
IMU-MPC
082
_a
Column-17
100
_a
Benrey, Ronald M.
245
0
_a
Understanding Digital Computers
260
_b
Iliffe Books Ltd, London
_c
1967
300
_a
166
942
_c
BK
999
_c
6163
_d
6163